| 000 | 00729nam a22001815i 4500 | ||
|---|---|---|---|
| 001 | 158516 | ||
| 003 | ES-MaACL | ||
| 005 | 20230906211158.0 | ||
| 008 | 990324s1875 sp |||| | spa d | ||
| 100 | 1 |
_aMaheux, H. D. _9129357 |
|
| 245 | 1 | 0 |
_aTratado de la esterilidad en la mujer / _cDoctor H.D. Maheux ; traducción castellana con notas por don Félix Tejada y España. |
| 260 |
_aMadrid : _b[s.n.], _c1875 ( _fImp. de F. García y D. Caravera) |
||
| 300 |
_a204 p. ; _c23 cm. |
||
| 597 | _aAntep. | ||
| 650 | 0 | 0 |
_aEsterilidad. _912534 |
| 700 | 1 |
_aTejada y España, Félix. _9133163 |
|
| 852 |
_aES-MaACL _jT-622-F-2 _z- Enc. hol., falto de cub. original _z- Ex-libris ms. de Gustavo Sáenz Díez _z-Enc. en un vol. facticio |
||
| 999 |
_c158516 _d158516 |
||